Niżny Tagił Konkurs Indywidualny - Top 10 - Statystyki

Ogólne statystyki
  • Ten quiz został rozwiązany 45 razy
  • Średni wynik to 7 z 10
Statystyki odpowiedzi
POZYCJA ZAWODNIK % Poprawnych
5 Kamil Stoch
100%
3 Halvor Egner Granerud
89%
1 Karl Geiger
86%
2 Ryoyu Kobayashi
83%
6 Markus Eisenbichler
58%
4 Naoki Nakamura
58%
7 Anze Lanisek
50%
8 Cene Prevc
50%
10 Yukiya Sato
44%
9 Robert Johansson
42%
Nie znaleziono quizów pasujących do podanych kryteriów
Rozkład punktacji
Procent ludzi z każdym wynikiem
Percentyl według liczby udzielonych odpowiedzi
Twoja historia wyników
Nie rozwiązałeś tego quizu